VPLYV NARKÓZY, PODRÁŽDENIA A HYPOGLYKÉMIE NA HLADINU KYSELINY N-ACETYL-L-ASPARÁGOVEJ V MOZGU (Kyselina N-acetyl-L-asparágová v mozgu)

Bibliographic Details
Main Author: Turský, Timotej (Author)
Format: Article
Language:Slovak

MARC

LEADER 00000nab a2200000uu 4500
001 vtls011441552
003 SK-MaSNL
005 20260303123253.0
008 230213|1961 xo |||||||||||||||||slo|
015 |a SNBRB 
035 |a (urnnbn)urn:nbn:sk:snk:ar-00311h 
035 |a (uuid)f4cd56a6-1254-4944-9454-e385207f27ac 
035 |a urn:nbn:sk:snk-abcfrr 
040 |a SNKBUCL  |b slo  |c SNKBUCL  |e AACR2 
041 0 |a slo 
044 |a xo  |c SK 
100 1 |a Turský, Timotej  |4 aut  |9 589432 
245 1 0 |a VPLYV NARKÓZY, PODRÁŽDENIA A HYPOGLYKÉMIE NA HLADINU KYSELINY N-ACETYL-L-ASPARÁGOVEJ V MOZGU  |b (Kyselina N-acetyl-L-asparágová v mozgu)  |c Timotej Turský 
773 0 |t Biológia : časopis Slovenskej akadémie vied  |g Roč. 16, č. 5 (1961), s. 384-387 
954 |a odborná, vedecká literatúra pôvodná (slovenská)  |2 lita 
958 |a OND 
958 |a EUIPO 
958 |a article16 
999 |c 1924721  |d 1926651